00696nam a2200229Ia 4500003000400000005001700004008004100021020001800062040000700080041000800087082002300095100002800118245002200146250000600168260003800174300001400212365001300226906006200239942001200301999001900313952013400332OSt20230516125510.0210423s2010 xx 000 0 und d a9788184895292 cAL aeng a547.758223b SUCC aSUCKLING (C J).9105196 aEnzyme chemistry. a3 aNew DelhibSpringer Pvt Ltdc2010 ax,292bPB b695cINR aapplications. ; chemistry. ; chemistry: ; Enzyme ; impact 2ddccBK c164487d164487 001040708BIOCaSACPGbSACPGd2011-07-11eAthulya Booksg695.00l0o547.758 SUCCpPG010985r2022-08-24 00:00:00w2021-04-26yBK